000 00399nam a2200145Ia 4500
008 210210b1984 xxu||||| |||| 00| 0 eng d
082 _a954.003 SALE
100 _aSALETORE (R N).
245 _aEncyclopaedia of Indian culture. Vol 4 (R-U).
260 _aNew Delhi.
_bSterling Publishers Pvt Ltd.,
_c1984
300 _avii,1206-1503
440 _a4
690 _aIndian History
906 _aSG02374
999 _c113490
_d113490